Fr. Conceicao Rodrigues College of Engineering

Microprocessor Architecture, programming and applications with the 8085 (Record no. 36336)

MARC details
000 -LEADER
fixed length control field 00450nam a22001697a 4500
003 - CONTROL NUMBER IDENTIFIER
control field OSt
005 - DATE AND TIME OF LATEST TRANSACTION
control field 20260413091816.0
007 - PHYSICAL DESCRIPTION FIXED FIELD--GENERAL INFORMATION
fixed length control field 814 pages
008 - FIXED-LENGTH DATA ELEMENTS--GENERAL INFORMATION
fixed length control field 260413b |||||||| |||| 00| 0 eng d
020 ## - INTERNATIONAL STANDARD BOOK NUMBER
International Standard Book Number 9788187972884
040 ## - CATALOGING SOURCE
Transcribing agency
082 ## - DEWEY DECIMAL CLASSIFICATION NUMBER
Edition number 6
Classification number 004.16
Item number GAO
245 ## - TITLE STATEMENT
Title Microprocessor Architecture, programming and applications with the 8085
Statement of responsibility, etc. Gaonkar,Ramesh S
250 ## - EDITION STATEMENT
Edition statement 6
260 ## - PUBLICATION, DISTRIBUTION, ETC.
Name of publisher, distributor, etc. Penram
Date of publication, distribution, etc. 2013
942 ## - ADDED ENTRY ELEMENTS (KOHA)
Source of classification or shelving scheme Dewey Decimal Classification
Koha item type BOOK
Edition 6
Call number prefix 004.16
Call number suffix GAO
Suppress in OPAC No
Holdings
Withdrawn status Lost status Source of classification or shelving scheme Damaged status Not for loan Collection Home library Current library Date acquired Cost, normal purchase price Inventory number Total Checkouts Full call number Barcode Date last seen Price effective from Koha item type
    Dewey Decimal Classification     Electronics and Computer Science(ECS) Fr. Agnel's C.Rodrigues College of Engineering Fr. Agnel's C.Rodrigues College of Engineering 13/04/2026 755.00 AO/26/04/005   004.16/GAO 27196 13/04/2026 13/04/2026 BOOK
    Dewey Decimal Classification     Electronics and Computer Science(ECS) Fr. Agnel's C.Rodrigues College of Engineering Fr. Agnel's C.Rodrigues College of Engineering 13/04/2026 755.00 AO/26/04/005   004.16/GAO 27197 13/04/2026 13/04/2026 BOOK
    Dewey Decimal Classification     Electronics and Computer Science(ECS) Fr. Agnel's C.Rodrigues College of Engineering Fr. Agnel's C.Rodrigues College of Engineering 13/04/2026 755.00 AO/26/04/005   004.16/GAO 27198 13/04/2026 13/04/2026 BOOK
    Dewey Decimal Classification     Electronics and Computer Science(ECS) Fr. Agnel's C.Rodrigues College of Engineering Fr. Agnel's C.Rodrigues College of Engineering 13/04/2026 755.00 AO/26/04/005   004.16/GAO 27199 13/04/2026 13/04/2026 BOOK
    Dewey Decimal Classification     Electronics and Computer Science(ECS) Fr. Agnel's C.Rodrigues College of Engineering Fr. Agnel's C.Rodrigues College of Engineering 13/04/2026 755.00 AO/26/04/005   004.16/GAO 27200 13/04/2026 13/04/2026 BOOK